Erraten Sie die Fußballer anhand ihrer Karrierewege #1 - Statistiken

Allgemein
  • Dieses Quiz wurde 164 mal gespielt
  • Das Durchschnittsergebnis liegt bei 6 aus 10
Antwortstatistiken
Fußballspieler Fußballvereine % Korrekt
David Beckham
82%
Luis Suárez
78%
Luis Figo
72%
Ronaldo
72%
Ronaldinho
67%
Diego Maradona
63%
Franz Beckenbauer
63%
Johan Cruyff
61%
Zinedine Zidane
57%
Roberto Baggio
22%
Keine übereinstimmenden Quizze gefunden
Verteilung der Resultate
Anzahl Personen mit jedem Resultat
Perzentil nach korrekt beantworteten Fragen
Ihre Resultats-Entwicklung
Sie haben dieses Quiz noch nicht gespielt